তুলনামুলক শিক্ষাতত্ত্ব / (Record no. 59620)
[ view plain ]
| 000 -LEADER | |
|---|---|
| fixed length control field | 00951nam a2200265 a 4500 |
| 001 - CONTROL NUMBER | |
| control field | 59620 |
| 003 - CONTROL NUMBER IDENTIFIER | |
| rucl marc code | BD-RjUL |
| 005 - DATE AND TIME OF LATEST TRANSACTION | |
| control field | 20211209080742.0 |
| 008 - FIXED-LENGTH DATA ELEMENTS--GENERAL INFORMATION | |
| fixed length control field | 161226s1983 bg ||||| |||| 00| 0 ben d |
| 020 ## - INTERNATIONAL STANDARD BOOK NUMBER | |
| Terms of availability | : Tk.45.00 (V-1) |
| Terms of availability | : Tk.40.00 (V-2) |
| 035 ## - SYSTEM CONTROL NUMBER | |
| System control number | (BD-RjUL)59744 |
| 040 ## - CATALOGING SOURCE | |
| Original cataloging agency | BD-RjUL |
| Language of cataloging | ben |
| Transcribing agency | BD-RjUL |
| Modifying agency | BD-RjUL |
| 041 ## - LANGUAGE CODE | |
| Language code of text/sound track or separate title | ben |
| 082 ## - DEWEY DECIMAL CLASSIFICATION NUMBER | |
| Classification number | 370.9 |
| Edition number | 23 |
| Author mark and year | KHT 1983 |
| 100 ## - MAIN ENTRY--PERSONAL NAME | |
| Personal name | খাতুন, শরিফা |
| 9 (RLIN) | 119329 |
| 245 10 - TITLE STATEMENT | |
| Title | তুলনামুলক শিক্ষাতত্ত্ব / |
| Statement of responsibility, etc. | শরিফা খাতুন, |
| 260 ## - PUBLICATION, DISTRIBUTION, ETC. (IMPRINT) | |
| Place of publication, distribution, etc. | ঢাকা : |
| Name of publisher, distributor, etc. | বাংলা একাডেমী, |
| Date of publication, distribution, etc. | ১৯৮৩ |
| 300 ## - PHYSICAL DESCRIPTION | |
| Pagination | খন্ড. ; |
| Size | ২২ সেমি. |
| 500 ## - GENERAL NOTE | |
| General note | নির্ঘন্ট সংযুক্ত |
| 505 0# - FORMATTED CONTENTS NOTE | |
| Formatted contents note | খন্ড ১ -- খন্ড ২ -- |
| 650 ## - SUBJECT ADDED ENTRY--TOPICAL TERM | |
| Topical term or geographic name as entry element | তুলনামূলক শিক্ষা |
| 9 (RLIN) | 142923 |
| Topical term or geographic name as entry element | Comparative Education |
| 9 (RLIN) | 142924 |
| 942 ## - ADDED ENTRY ELEMENTS (KOHA) | |
| Source of classification or shelving scheme | Dewey Decimal Classification |
| Koha item type | Books |
| Lost status | Source of classification or shelving scheme | Damaged status | Not for loan | Collection code | Permanent Location | Current Location | Shelving location | Date acquired | Source of acquisition | Cost, normal purchase price | Total Checkouts | Full call number | Date last seen | Copy number | Koha item type |
|---|---|---|---|---|---|---|---|---|---|---|---|---|---|---|---|
| Dewey Decimal Classification | Not For Loan | Non-fiction | Central Library, University of Rajshahi | Central Library, University of Rajshahi | Reading Room | 01/07/1990 | Bangla Academy, Dhaka. | 45.00 | B 370.9 KHT V-1 1983 | 26/12/2016 | C-1 | Books | |||
| Dewey Decimal Classification | Not For Loan | Non-fiction | Central Library, University of Rajshahi | Central Library, University of Rajshahi | Reading Room | 01/07/1990 | Bangla Academy, Dhaka. | 40.00 | B 370.9 KHT V-2 1983 | 27/12/2016 | C-1 | Books | |||
| Dewey Decimal Classification | Not For Loan | Non-fiction | Central Library, University of Rajshahi | Central Library, University of Rajshahi | Reading Room | 01/01/1985 | Bangla Academy, Dhaka | 45.00 | B 370.9 KHT V-1 1983 | 27/12/2016 | C-1 | Books | |||
| Dewey Decimal Classification | Non-fiction | Central Library, University of Rajshahi | Central Library, University of Rajshahi | 01/01/1985 | Bangla Academy, Dhaka | 40.00 | B 370.9 KHT V-2 1983 | 02/02/2017 | C-2 | Books |